| 000 | 00836 a2200241 4500 | ||
|---|---|---|---|
| 001 | 63066 | ||
| 005 | 20260407155925.0 | ||
| 008 | 260407a2005 arg spa d | ||
| 003 | AR-UNSa-BCEJYS | ||
| 040 |
_aAR-UNSa-BCEJYS _bspa _cAR-UNSa-BCEJYS |
||
| 080 |
_a378 _xEnseñanza superior. Universidades. Escuelas especiales |
||
| 245 | 1 | 0 |
_aDe cursos y de formaciones docentes _pHistoria de la carrera docente de la Facultad de Derecho de la UBA |
| 020 | _a978-950-29-0890-8 | ||
| 264 | 1 |
_aBuenos Aires : _bUniversidad de Buenos Aires. Facultad de Derecho. Departamento de Publicaciones _c2005 |
|
| 300 |
_a161 p. _c23 cm. |
||
| 041 | _aspa | ||
| 942 | _cBK | ||
| 590 | _aniveau_biblio:m niveau_hierar:0 | ||
| 100 | 1 | _aCardinaux, Nancy | |
| 700 | 1 | _aClérico, María Laura | |
| 700 | 1 | _aMolinari, Andrea | |
| 700 | 1 | _aRuiz, Guillermo | |
| 999 |
_c7966 _d7966 |
||